00399nam a2200157 a 45000010005000000030009000050080041000140400028000550820015000832450022000982500007001202600031001273000014001584900056001726500013002286909CO-ViMGA141112s2004 ck r 000 u spa d aCO-ViMGAbspacCO-ViMGA04a633.3 C85710aCultivos forrajes a2a aMexico : bTrillas, c1994 a80 p : il aManuales para aducación. Producción vegetal, 1914aFORRAJES